The Reconstruction of Religious Through in Isla; (Record no. 592760)

000 -LEADER
fixed length control field 00833nam a22001697a 4500
003 - CONTROL NUMBER IDENTIFIER
control field NUST
005 - DATE AND TIME OF LATEST TRANSACTION
control field 20221221112253.0
020 ## - INTERNATIONAL STANDARD BOOK NUMBER
International Standard Book Number 13-969-35-0689-8
022 ## - INTERNATIONAL STANDARD SERIAL NUMBER
Source 13-978-969-35-0689-1
082 ## - DEWEY DECIMAL CLASSIFICATION NUMBER
Classification number 181.07, IQB
100 ## - MAIN ENTRY--PERSONAL NAME
Personal name Iqbal, Allama Muhammad
9 (RLIN) 5789
245 ## - TITLE STATEMENT
Title The Reconstruction of Religious Through in Isla;
Statement of responsibility, etc. Allama Muhammad Iqbal
260 ## - PUBLICATION, DISTRIBUTION, ETC.
Place of publication, distribution, etc. Lahore
Name of publisher, distributor, etc. Sang-e-Meel Pub
Date of publication, distribution, etc. 2016
300 ## - PHYSICAL DESCRIPTION
Extent 159: pages
505 ## - FORMATTED CONTENTS NOTE
Formatted contents note Knowledge and Religious Experience (Page-9), The Philosophiical Test of the Revelation of Religious Experience (Page-33), The Conception of God and the Meaning of Prayer (Page-61), The Human Ego- His Freefom an Immortality (Page-100), The Spirit of Muslims Culture (Page-111), The Principle of Movement in the Structure of Islam (Page-129), Is Religious Possible ? (Page-159).
942 ## - ADDED ENTRY ELEMENTS (KOHA)
Source of classification or shelving scheme
Koha item type Book
Holdings
Withdrawn status Lost status Source of classification or shelving scheme Damaged status Not for loan Permanent Location Current Location Shelving location Date acquired Total Checkouts Full call number Barcode Date last seen Price effective from Koha item type Public note
          Military College of Signals (MCS) Military College of Signals (MCS) General Stacks 12/21/2022   181.07, IQB MCS37900 12/21/2022 12/21/2022 Book Almirah No.46, Shelf No.5
© 2023 Central Library, National University of Sciences and Technology. All Rights Reserved.